| 000 | 01368nam a22003737a 4500 | ||
|---|---|---|---|
| 003 | CHAP | ||
| 005 | 20220817042353.0 | ||
| 008 | 971013s1970 r 00010 d | ||
| 010 | _a42507 | ||
| 011 | _a43479 | ||
| 035 | _a47615 | ||
| 040 | _cCHAP | ||
| 090 | _aFolleto 2147 | ||
| 110 |
_aE.U.A. Department of Agriculture _934876 |
||
| 245 | _aRiego de pastizales par producción de forrajes y conservación del suelo en el oeste de los Estados Unidos de América | ||
| 260 |
_aMéxico, D. F. : _bCentro Regional de Ayuda Técnica, _c1970 |
||
| 300 |
_a27 p. _b: ilus. |
||
| 490 |
_aFarmer's bulletin _v; 2230 |
||
| 590 |
_aBATCH-UPD _b10 _c20130110 _lUCH01 _h1815 |
||
| 590 |
_aBATCH-UPD _b10 _c20130410 _lUCH01 _h1149 |
||
| 590 |
_aBATCH-UPD _b10 _c20130914 _lUCH01 _h1430 |
||
| 590 |
_aCONVERSION _b10 _c20130109 _lUCH01 _h1323 |
||
| 650 | 1 | 4 | _aForrajes. |
| 650 | 1 | 4 |
_aPastizales _xIrrigación. _985941 |
| 650 | 1 | 4 |
_aSuelos _xConservación. _9110283 |
| 830 | 0 |
_aFarmer's bulletin _v; 2230 _939770 |
|
| 901 | _aBK | ||
| 942 | _cFOLL | ||
| 949 |
_aFolleto 2147 _bBC _cFOLL _d-108140 _eTS1 _i47615 _si |
||
| 949 |
_aFolleto 2147 _bBC _cFOLL _d-108141 _eTS2 _fc.2 _i47615 _si |
||
| 949 |
_aFolleto 2147 _bBC _cFOLL _d-108142 _eTS2 _fc.3 _i47615 _si |
||
| 949 |
_aFolleto 2147 _bBC _cFOLL _d-108143 _eTS2 _fc.4 _i47615 _si |
||
| 949 |
_aFolleto 2147 _bBC _cFOLL _d-108144 _eTS2 _fc.5 _i47615 _si |
||
| 999 |
_c42507 _d42507 |
||